Noticia de las actas y tareas de la Real Academia de la Historia : (Record no. 163045)
[ view plain ]
| 000 -LEADER | |
|---|---|
| campo de control de longitud fija | 00819nam a2200193 i 4500 |
| 001 - NÚMERO DE CONTROL | |
| campo de control | 163045 |
| 003 - IDENTIFICADOR DE NÚMERO DE CONTROL | |
| campo de control | ES-MaACL |
| 005 - FECHA Y HORA DE LA ÚLTIMA TRANSACCIÓN | |
| campo de control | 20230906212646.0 |
| 008 - DATOS DE LONGITUD FIJA--INFORMACIÓN GENERAL | |
| campo de control de longitud fija | 970325s1855 sp |||| | spa d |
| 100 1# - ENTRADA PRINCIPAL--NOMBRE DE PERSONA | |
| Nombre de persona | Sabau y Larroya, Pedro ( |
| Fechas asociadas al nombre | 1807-1879) |
| 9 (RLIN) | 101196 |
| 245 10 - MENCIÓN DEL TÍTULO | |
| Título | Noticia de las actas y tareas de la Real Academia de la Historia : |
| Resto del título | leída en junta pública de 22 de abril de 1855. |
| 260 ## - PUBLICACIÓN, DISTRIBUCIÓN, ETC. | |
| Lugar de publicación, distribución, etc. | Madrid : |
| Nombre del editor, distribuidor, etc. | [s.n.], |
| Fecha de publicación, distribución, etc. | 1855 ( |
| Fabricante | Imp. a cargo de José Montegrifo) |
| 300 ## - DESCRIPCIÓN FÍSICA | |
| Extensión | VI p. ; |
| Dimensiones | 26 cm. |
| 530 ## - NOTA DISPONIBLE DE FORMULARIO FÍSICO ADICIONAL | |
| Nota de formato físico adicional disponible | Disponible en formato digital. |
| 593 ## - | |
| -- | Autor (p. VI): Pedro Sabau. |
| 610 24 - PUNTO DE ACCESO ADICIONAL DE MATERIA--NOMBRE DE ENTIDAD CORPORATIVA | |
| Nombre de entidad corporativa o nombre de jurisdicción como elemento de entrada | Real Academia de la Historia (España) |
| 9 (RLIN) | 6309 |
| 852 4# - LOCALIZACIÓN | |
| Ubicación | ES-MaACL |
| Número de control de estantería | T-17-F-2 |
| Nota libre | - Enc. hol. |
| -- | - Enc. en un vol. facticio |
| 856 4# - LOCALIZACIÓN Y ACCESO ELECTRÓNICOS | |
| Identificador Uniforme de Recursos | <a href="http://bdh-rd.bne.es/viewer.vm?id=0000113230&page=1 ">http://bdh-rd.bne.es/viewer.vm?id=0000113230&page=1 </a> |
| Nota pública | Biblioteca Digital Hispánica |
| Estatus retirado | Estado de pérdida | Estado de daño | No para préstamo | Colección | Biblioteca de origen | Biblioteca actual | Ubicación en estantería | Fecha de adquisición | Total de préstamos | Signatura topográfica completa | Código de barras | Visto por última vez | Precio de reemplazo | Tipo de ítem Koha |
|---|---|---|---|---|---|---|---|---|---|---|---|---|---|---|
| Colección de folletos | Biblioteca del Ateneo de Madrid | Biblioteca del Ateneo de Madrid | Depósito folletos | 17/01/2008 | T-17-F-2 | 1170834 | 23/02/2023 | 23/02/2023 | Folleto |
